Statistics for Sub Vocabulary Words Quiz

Click here to take the quiz!

General Stats

  • This quiz has been taken 38,095 times
    (29,811 since last reset)
  • The average score is 13 of 22

Answer Stats

DefinitionWord% Correct
Underwater boatSubmarine
100%
Underground train systemSubway
96%
Opposite of addSubtract
93%
On-screen movie translationSubtitle
91%
ReplacementSubstitute
87%
Below freezing (in Celsius)Subzero
83%
Smaller town on the periphery of a citySuburb
77%
Speaker for playing bassSubwoofer
63%
India, for exampleSubcontinent
62%
Legal summonsSubpoena
60%
Relating to protons, neutrons, etc...Subatomic
59%
Part of the mind targeted by a subliminal messageSubconscious
57%
Warm temperate climate zoneSubtropics
52%
Based on personal opinion, not factsSubjective
51%
Majestic, beautiful, awe-inspiringSublime
48%
Lowered text like thisSubscript
47%
To merely survive, with only minimum resourcesSubsist
43%
UnderlingSubordinate
41%
Transition from solid to gasSublimation
38%
To waneSubside
36%
Small carSubcompact
34%
To undermine authoritySubvert
25%

Score Distribution

Percentile by Number Answered

Percent of People with Each Score

Your Score History

You have not taken this quiz since the last reset